| 000 | 00871nam a2200265 i 4500 | ||
|---|---|---|---|
| 001 | 8380 | ||
| 003 | ES-MaACL | ||
| 005 | 20230906145439.0 | ||
| 007 | t| | ||
| 008 | 920612s1991 sp ||||1| spa d | ||
| 020 | _a84-206-26775 | ||
| 080 | _a519.83:33 | ||
| 080 | _a33:519.83 | ||
| 100 | 1 |
_aFriedman, James W. _952633 |
|
| 245 | 1 | 0 |
_aTeoría de juegos con aplicaciones a la economía / _cJames W. Friedman ; versión española de Manuel Pascual Morales. |
| 260 |
_aMadrid : _bAlianza, _cD.L. 1991. |
||
| 300 |
_a398 p. ; _c20 cm. |
||
| 490 | 1 |
_aAlianza universidad. Economía ; _v677 |
|
| 504 | _aBibliogr. p.: 386-396. | ||
| 650 | 4 |
_aJuegos, Teoría de los- _xAplicaciones. _914023 |
|
| 700 | 1 |
_aPascual Morales, Manuel. _989389 |
|
| 830 | 0 |
_aAlianza universidad. Economía ; _v677 _9178132 |
|
| 852 |
_aES-MaACL _jL-15822 _bR.119977 |
||
| 999 |
_c8380 _d8380 |
||